Statistics for Colombia Country Quiz

Click here to take the quiz!

General Stats

  • This quiz has been taken 8,750 times
    (7,462 since last reset)
  • The average score is 15 of 18

Answer Stats

Hint Answer % Correct
Official languageSpanish
99%
Capital of ColombiaBogotá
98%
Countries that border ColombiaBrazil
98%
Countries that border ColombiaVenezuela
98%
Countries that border ColombiaEcuador
97%
Countries that border ColombiaPeru
97%
Colombia gets more of this than any
country in the world, 324 cm a year
Rain
96%
Countries that border ColombiaPanama
94%
Colombia lies on this major line
of latitude
Equator
92%
CurrencyPeso
90%
Pop singer whose hips don't lieShakira
90%
Northeast Colombia borders this seaCaribbean Sea
88%
Famous drug lord from that city who,
before his death, was worth $30 billion
Pablo Escobar
78%
Second most-populous cityMedellín
75%
First President of that country,
known as "The Liberator"
Simón Bolívar
70%
Nobel Prize-winning author of
"One Hundred Years of Solitude"
Gabriel García
Márquez
47%
Third most-populous citySantiago de {Cali}
44%
Former country (1819-1830) comprised
of Colombia and its neighbors
{Gran} Colombia
43%

Score Distribution

Percentile by Number Answered

Percent of People with Each Score

Your Score History

You have not taken this quiz since the last reset